[Event "BI-2013-P-00022"]
[Site "LSS email"]
[Date "2013.04.22"]
[Round "?"]
[White "Platov, Yurij"]
[Black "Weiss, Lester P"]
[Result "0-1"]
[WhiteElo "1148"]
[BlackElo "1879"]
[PlyCount "32"]
[EventDate "2013.04.25"]
[EventType "tourn (corr)"]
[EventRounds "12"]
[EventCountry "GER"]
[SourceTitle "Corr 2015"]
[Source "ChessBase"]
[SourceDate "2015.07.17"]
[SourceVersion "1"]
[SourceVersionDate "2015.07.17"]
[SourceQuality "1"]

1. e4 e5 2. Nf3 Nc6 3. Bb5 a6 4. Ba4 Nf6 5. 0-0 Be7 6. Re1 b5 7. Bb3 0-0 8. d4 Nxd4 9. Nxd4 exd4 10. Qxd4 c5 11. Qd1 c4 12. Bxc4 bxc4 13. Nc3 d5 14. exd5 Bb4 15. Qf3 Bxc3 16. Qxc3 Qxd5 0-1

[Event "LSS No Engine Cup 81 Preliminary 3"]
[Site "LSS email"]
[Date "2013.01.15"]
[Round "?"]
[White "Platov, Yurij"]
[Black "Nowak, Andrzej"]
[Result "0-1"]
[WhiteElo "1124"]
[BlackElo "1536"]
[PlyCount "86"]
[EventDate "2013.01.16"]
[EventType "tourn (corr)"]
[EventRounds "6"]
[EventCountry "GER"]
[SourceTitle "Telechess CBM 159"]
[Source "ChessBase"]
[SourceDate "2014.03.17"]
[SourceVersion "1"]
[SourceVersionDate "2014.03.17"]
[SourceQuality "1"]

1. e4 c5 2. Nf3 d6 3. d4 cxd4 4. Nxd4 Nf6 5. Nc3 a6 6. Be2 e6 7. 0-0 Be7 8. f4 Nbd7 9. Kh1 0-0 10. b3 Qc7 11. Bb2 Nc5 12. Bf3 b5 13. e5 dxe5 14. fxe5 Nd5 15. Nxd5 exd5 16. Bxd5 Bb7 17. Bxb7 Nxb7 18. Nf5 Rac8 19. Nxe7+ Qxe7 20. Rc1 Nc5 21. c4 Rfd8 22. Qg4 Nd3 23. Rc2 bxc4 24. bxc4 Nxb2 25. Rxb2 Qxe5 26. Rb7 f5 27. Qf3 Rxc4 28. g3 Rd2 29. Rbb1 Rc3 30. Rb8+ Qxb8 31. Qxc3 Qb7+ 32. Qf3 Qxf3+ 33. Rxf3 Rxa2 34. Rxf5 a5 35. Rc5 Kf7 36. Kg1 a4 37. Ra5 Ke6 38. h3 Kd6 39. h4 Kc6 40. Ra7 Kb6 41. Rxg7 a3 42. Rxh7 Rc2 43. Rh8 Kb7 0-1

[Event "LSS No Engine Cup 81 Preliminary 3"]
[Site "LSS email"]
[Date "2013.01.15"]
[Round "?"]
[White "Platov, Yurij"]
[Black "Palla, Vit"]
[Result "1-0"]
[WhiteElo "1124"]
[BlackElo "1100"]
[PlyCount "49"]
[EventDate "2013.01.16"]
[EventType "tourn (corr)"]
[EventRounds "6"]
[EventCountry "GER"]
[SourceTitle "Telechess CBM 159"]
[Source "ChessBase"]
[SourceDate "2014.03.17"]
[SourceVersion "1"]
[SourceVersionDate "2014.03.17"]
[SourceQuality "1"]

1. e4 e6 2. d4 d5 3. exd5 exd5 4. Nf3 Bg4 5. Be2 Nf6 6. 0-0 h6 7. h3 Bh5 8. Ne5 Bxe2 9. Qxe2 Be7 10. Bf4 0-0 11. Nc3 Nc6 12. Nxc6 bxc6 13. Rfe1 Bb4 14. a3 Bxc3 15. bxc3 Ne4 16. Qd3 Qh4 17. Bg3 Nxg3 18. Qxg3 Qxg3 19. fxg3 Rfe8 20. Kf2 f5 21. Rxe8+ Rxe8 22. Rb1 Kf7 23. Rb7 Rc8 24. Rxa7 Ke6 25. a4 1-0

[Event "OP-2012-0-02439"]
[Site "LSS email"]
[Date "2012.10.06"]
[Round "?"]
[White "Huseby, Juan Carlos"]
[Black "Platov, Yurij"]
[Result "0-1"]
[WhiteElo "534"]
[BlackElo "1111"]
[PlyCount "78"]
[EventDate "2012.10.02"]
[EventType "tourn (corr)"]
[EventRounds "4"]
[EventCountry "GER"]
[SourceTitle "Telechess CBM 163"]
[Source "ChessBase"]
[SourceDate "2014.11.11"]
[SourceVersion "2"]
[SourceVersionDate "2014.11.11"]
[SourceQuality "1"]

1. e4 e5 2. Nf3 Nc6 3. d4 exd4 4. Nxd4 Nxd4 5. Qxd4 Qf6 6. Qxf6 Nxf6 7. e5 Nd5 8. Bc4 Nb4 9. Bb3 d6 10. exd6 Bxd6 11. 0-0 0-0 12. a3 Nc6 13. f4 Bf5 14. Nd2 Nd4 15. Nc4 Nxc2 16. Nxd6 cxd6 17. Bxc2 Bxc2 18. Re1 Rfe8 19. Be3 b6 20. Rac1 Bf5 21. Rc7 Kf8 22. Kf2 d5 23. Bd4 Rxe1 24. Kxe1 f6 25. Kd2 Rc8 26. Rxa7 Rc2+ 27. Kd1 Rxg2 28. Bxb6 Rxb2 29. Ra8+ Kf7 30. Bc5 Rxh2 31. Rf8+ Kg6 32. Rg8 h5 33. a4 h4 34. a5 Ra2 35. Bb6 Bd3 36. Rh8 Rh2 37. Bc7 Be2+ 38. Ke1 Kf5 39. Rh5+ Bxh5 0-1

[Event "BI-2012-P-00016"]
[Site "LSS email"]
[Date "2012.04.20"]
[Round "?"]
[White "Lizorkina, Veronika"]
[Black "Platov, Yurij"]
[Result "1-0"]
[WhiteElo "2073"]
[BlackElo "1111"]
[PlyCount "85"]
[EventDate "2012.04.22"]
[EventType "tourn (corr)"]
[EventRounds "10"]
[EventCountry "GER"]
[SourceTitle "Telechess CBM 165"]
[Source "ChessBase"]
[SourceDate "2015.03.11"]
[SourceVersion "1"]
[SourceVersionDate "2015.03.11"]
[SourceQuality "1"]

1. e4 e5 2. Nf3 Nc6 3. Bb5 Nf6 4. d3 Bc5 5. Bxc6 dxc6 6. 0-0 Bd6 7. Bg5 h6 8. Bh4 0-0 9. Nbd2 Bg4 10. c3 Re8 11. Re1 a5 12. h3 Bh5 13. g4 Bg6 14. d4 Bh7 15. dxe5 Bxe5 16. Nxe5 Rxe5 17. f3 Re8 18. a4 b6 19. Nb3 c5 20. Qxd8 Rexd8 21. Bxf6 gxf6 22. Rad1 Kg7 23. Kf2 Bg6 24. Nd2 Rd7 25. Nc4 Rad8 26. Rxd7 Rxd7 27. Rg1 Kf8 28. Ke2 Ke8 29. Ne3 Rd6 30. Rd1 Rc6 31. Nd5 Kf8 32. h4 Ke8 33. h5 Bh7 34. Kd3 c4+ 35. Ke3 Kf8 36. Rd2 Bg8 37. Nf4 Ke7 38. Rd4 f5 39. gxf5 Bh7 40. Nd5+ Kf8 41. f6 Ke8 42. Rd2 Rc5 43. Ne7 1-0

[Event "BI-2012-P-00016"]
[Site "LSS email"]
[Date "2012.04.20"]
[Round "?"]
[White "Platov, Yurij"]
[Black "Kepinski, Janusz"]
[Result "1-0"]
[WhiteElo "1111"]
[BlackElo "1233"]
[PlyCount "77"]
[EventDate "2012.04.22"]
[EventType "tourn (corr)"]
[EventRounds "10"]
[EventCountry "GER"]
[SourceTitle "Telechess CBM 165"]
[Source "ChessBase"]
[SourceDate "2015.03.11"]
[SourceVersion "1"]
[SourceVersionDate "2015.03.11"]
[SourceQuality "1"]

1. e4 e6 2. d4 d5 3. e5 c5 4. Nf3 c4 5. b3 b5 6. a4 b4 7. bxc4 Ba6 8. Nbd2 Ne7 9. c5 Bxf1 10. Nxf1 Nbc6 11. Ng3 a5 12. Nh5 Nf5 13. 0-0 Rc8 14. Qd3 Nh4 15. Rd1 Nxf3+ 16. Qxf3 Qh4 17. Be3 Rg8 18. Qe2 Be7 19. g3 Qh3 20. Nf4 Qf5 21. g4 Qe4 22. f3 Nxd4 23. Rxd4 Qxe5 24. Nd3 Qc7 25. Bf4 Qb7 26. Kg2 h5 27. gxh5 Bxc5 28. Nxc5 Rxc5 29. Be5 Rh8 30. f4 Qc8 31. Rd2 f6 32. Bd4 Rc6 33. Re1 Kf7 34. Bf2 Rc4 35. Bd4 Rc6 36. Rg1 Rh6 37. Kh1 Kf8 38. Qb5 Qc7 39. Rdg2 1-0

[Event "RN-2012-0-00463"]
[Site "LSS email"]
[Date "2012.03.19"]
[Round "?"]
[White "Mori, Roberto"]
[Black "Platov, Yurij"]
[Result "0-1"]
[WhiteElo "714"]
[BlackElo "1011"]
[PlyCount "88"]
[EventDate "2012.03.08"]
[EventType "tourn (corr)"]
[EventRounds "6"]
[EventCountry "GER"]
[SourceTitle "Telechess CBM 153"]
[Source "ChessBase"]
[SourceDate "2013.03.14"]
[SourceVersion "1"]
[SourceVersionDate "2013.03.14"]
[SourceQuality "1"]

1. e4 e5 2. Nf3 Nc6 3. d4 exd4 4. Nxd4 Qf6 5. Nxc6 Qxc6 6. Bd3 Nf6 7. 0-0 Be7 8. Nc3 0-0 9. Bf4 d6 10. h3 Be6 11. Be3 h6 12. Qd2 a6 13. Ne2 Nxe4 14. Bxe4 Qxe4 15. Ng3 Qg6 16. b3 Bh4 17. Bf4 f5 18. Qe2 Rae8 19. Qd2 Qf7 20. Rad1 Qg6 21. Rde1 Bd7 22. Qd4 Kh7 23. Qd2 Bb5 24. c4 Bc6 25. Qd1 Bf6 26. Qh5 Qxh5 27. Nxh5 Bc3 28. Rxe8 Rxe8 29. Ng3 g6 30. Rc1 Bb2 31. Rc2 Re1+ 32. Kh2 Be5 33. Bxe5 Rxe5 34. f4 Re1 35. h4 Kg7 36. Nh1 Be4 37. Rc3 Re2 38. Rg3 Rxa2 39. h5 g5 40. fxg5 hxg5 41. Rxg5+ Kh6 42. Rg8 f4 43. Rg4 Kxh5 44. Kh3 Bf5 0-1

[Event "RN-2012-0-00463"]
[Site "LSS email"]
[Date "2012.03.19"]
[Round "?"]
[White "Platov, Yurij"]
[Black "Tassinati, Mirco"]
[Result "1-0"]
[WhiteElo "1011"]
[BlackElo "639"]
[PlyCount "41"]
[EventDate "2012.03.08"]
[EventType "tourn (corr)"]
[EventRounds "6"]
[EventCountry "GER"]
[SourceTitle "Telechess CBM 153"]
[Source "ChessBase"]
[SourceDate "2013.03.14"]
[SourceVersion "1"]
[SourceVersionDate "2013.03.14"]
[SourceQuality "1"]

1. e4 e5 2. f4 exf4 3. Nf3 Nc6 4. Bc4 d6 5. d4 Bg4 6. 0-0 Nf6 7. h3 Bxf3 8. Rxf3 Nxe4 9. Rxf4 Nf6 10. a4 d5 11. Bd3 Nxd4 12. Rxd4 Bc5 13. Be3 Bxd4 14. Bxd4 Ne4 15. Nc3 c5 16. Bb5+ Kf8 17. Nxe4 cxd4 18. Nc5 Qc7 19. Qxd4 Rd8 20. Rf1 Qd6 21. Nxb7 1-0

[Event "RN-2012-0-00463"]
[Site "LSS email"]
[Date "2012.03.18"]
[Round "?"]
[White "Torfs, Gert"]
[Black "Platov, Yurij"]
[Result "0-1"]
[WhiteElo "845"]
[BlackElo "1011"]
[PlyCount "46"]
[EventDate "2012.03.08"]
[EventType "tourn (corr)"]
[EventRounds "6"]
[EventCountry "GER"]
[SourceTitle "Telechess CBM 153"]
[Source "ChessBase"]
[SourceDate "2013.03.14"]
[SourceVersion "1"]
[SourceVersionDate "2013.03.14"]
[SourceQuality "1"]

1. e4 e5 2. Nf3 Nc6 3. Bb5 a6 4. Bxc6 dxc6 5. d3 Bg4 6. h3 Bxf3 7. Qxf3 Qf6 8. Nd2 Bc5 9. Qxf6 Nxf6 10. Nc4 Nd7 11. Be3 Bxe3 12. Nxe3 0-0-0 13. 0-0-0 g6 14. a3 h5 15. Nc4 f6 16. g4 hxg4 17. hxg4 Nc5 18. Ne3 Ne6 19. Rxh8 Rxh8 20. c3 Rh2 21. Rf1 Nf4 22. Kd2 b5 23. Ke1 Nxd3+ 0-1

[Event "RN-2012-0-00451"]
[Site "LSS email"]
[Date "2012.02.14"]
[Round "?"]
[White "Bester, Kazimierz"]
[Black "Platov, Yurij"]
[Result "0-1"]
[WhiteElo "769"]
[BlackElo "1001"]
[PlyCount "74"]
[EventDate "2012.02.06"]
[EventType "tourn (corr)"]
[EventRounds "6"]
[EventCountry "GER"]
[SourceTitle "Telechess CBM 155"]
[Source "ChessBase"]
[SourceDate "2013.07.16"]
[SourceVersion "1"]
[SourceVersionDate "2013.07.16"]
[SourceQuality "1"]

1. f4 Nf6 2. Nf3 Nc6 3. e3 d5 4. Bb5 a6 5. Be2 h6 6. 0-0 e6 7. d4 Be7 8. Nbd2 0-0 9. Ne5 Bd7 10. Rf3 Nxe5 11. dxe5 Ne4 12. Nxe4 dxe4 13. Rh3 Bb5 14. Qe1 Bxe2 15. Qxe2 c6 16. Bd2 Qb6 17. b3 Rad8 18. a4 Rd7 19. Be1 Rfd8 20. a5 Qc7 21. c4 Rd3 22. b4 Qd7 23. Qg4 c5 24. b5 axb5 25. Rxh6 Rd1 26. Rxd1 Qxd1 27. Qxd1 Rxd1 28. Kf2 gxh6 29. Ke2 Ra1 30. cxb5 c4 31. Bc3 Ra2+ 32. Kf1 Rc2 33. Bd4 Bb4 34. a6 bxa6 35. bxa6 c3 36. a7 Ra2 37. Ke1 c2+ 0-1

[Event "RN-2012-0-00451"]
[Site "LSS email"]
[Date "2012.02.14"]
[Round "?"]
[White "Platov, Yurij"]
[Black "Mori, Roberto"]
[Result "1-0"]
[WhiteElo "1001"]
[BlackElo "721"]
[PlyCount "25"]
[EventDate "2012.02.06"]
[EventType "tourn (corr)"]
[EventRounds "6"]
[EventCountry "GER"]
[SourceTitle "Corr 2015"]
[Source "ChessBase"]
[SourceDate "2015.07.17"]
[SourceVersion "1"]
[SourceVersionDate "2015.07.17"]
[SourceQuality "1"]

1. e4 e5 2. Nf3 Nc6 3. Bb5 Nf6 4. 0-0 a6 5. Ba4 b5 6. Bb3 Bb7 7. Re1 Bc5 8. Nc3 0-0 9. a3 Na5 10. Ba2 b4 11. axb4 Bxf2+ 12. Kxf2 d6 13. bxa5 1-0

[Event "OP-2012-0-02063"]
[Site "LSS email"]
[Date "2012.02.13"]
[Round "?"]
[White "Platov, Yurij"]
[Black "Nowak, Mathias"]
[Result "1-0"]
[WhiteElo "1011"]
[BlackElo "1500"]
[PlyCount "38"]
[EventDate "2012.02.10"]
[EventType "tourn (corr)"]
[EventRounds "4"]
[EventCountry "GER"]
[SourceTitle "Telechess CBM 153"]
[Source "ChessBase"]
[SourceDate "2013.03.14"]
[SourceVersion "1"]
[SourceVersionDate "2013.03.14"]
[SourceQuality "1"]

1. e4 e5 2. Nf3 Nc6 3. Bb5 a6 4. Ba4 Nf6 5. 0-0 Be7 6. Re1 b5 7. Bb3 d6 8. h3 Na5 9. d4 exd4 10. Nxd4 c5 11. Nf5 Bxf5 12. Bxf7+ Kxf7 13. exf5 Qd7 14. Nc3 d5 15. Re6 Nc6 16. Ne2 Rhe8 17. Nf4 Bd6 18. Rxe8 Rxe8 19. Nxd5 Bb8 1-0